Skoki Narciarskie - Najlepsi Rosjanie w PŚ w XXI wieku - Statystyki

Ogólne statystyki
  • Ten quiz został rozwiązany 79 razy
  • Średni wynik to 12 z 22
Statystyki odpowiedzi
Sezon Odpowiedź % Poprawnych
2016/17 Jewgienij Klimow
87%
2018/19 Jewgienij Klimow
87%
2019/20 Jewgienij Klimow
87%
2021/22 Jewgienij Klimow
87%
2000/01 Dmitrij Wasiljew
66%
2002/03 Dmitrij Wasiljew
66%
2004/05 Dmitrij Wasiljew
66%
2005/06 Dmitrij Wasiljew
66%
2006/07 Dmitrij Wasiljew
66%
2007/08 Dmitrij Wasiljew
66%
2008/09 Dmitrij Wasiljew
66%
2009/10 Dmitrij Wasiljew
66%
2012/13 Dmitrij Wasiljew
66%
2013/14 Dmitrij Wasiljew
66%
2014/15 Dmitrij Wasiljew
66%
2011/12 Dienis Korniłow
43%
2017/18 Dienis Korniłow
43%
2010/11 Pawieł Karielin
34%
2020/21 Michaił Nazarow
26%
2001/02 Walerij Kobielew
3%
2015/16 Ilmir Chazietdinow
1%
2003/04 Aleksiej Siłajew
0%
Nie znaleziono quizów pasujących do podanych kryteriów
Rozkład punktacji
Procent ludzi z każdym wynikiem
Percentyl według liczby udzielonych odpowiedzi
Twoja historia wyników
Nie rozwiązałeś tego quizu